000 00603nam a2200205Ia 4500
005 20250508163822.0
008 008 250505s9999 xx 000 0 eng d
020 _a81-7391-285-8
037 _aReference
040 _aFEDL
_beng
_cFEDL
041 _aeng
_2eng
084 _a371.9, YSS
_qFEDL
100 _aYsseldyke James E
_9581974
245 0 _aSpecial education : a practical approach for teachers
260 _aNew Delhi, India
_bKanishka Publishers
_c1998
300 _axxiv,523p
700 _a Algozzine Bob
_9776443
942 _cREF
_h371.9, YSS
999 _c1385434
_d1385434